000 01278cad a22002415a 4500
001 L142694
008 080229s2007 xxk f s 000 0 eng u
035 _a(Sirsi) u142694
041 0 _aeng
050 0 4 _a346.4104342 $2 18
110 _aAssociation of Residential Letting Agents
_93020
245 0 0 _aARLA Members Survey Report
_bSecond Quarter 2005
_h[electronic resource]
260 _aWarwick
_bARLA
_c2008
490 0 _aARLA Members Survey Report
520 _aFinds that demand for rented properties has continued to outstrip supply. 64% of respondents in prime central London report that there are more tenants than available property. This remains the case around the UK but the proportion has fallen slightly. The average capital asset value of rented houses has fallen by 1.3% over the previous three months. The value of rented flats fell by 1.1% over the same period. Average weighted rental returns fell to 4.8%.
590 _aKA
651 4 _aUnited Kingdom
_y
690 _aPROPERTY-RESIDENTIAL PROPERTY-RESIDENTIAL PROPERTY MARKET
700 1 _aCarey Jones, O. M.
710 _aARLA Panel of Mortgage Lenders
_94776
856 4 0 _uhttps://www.arla.co.uk/btl/arlaindices_q407.htm
_zView the survey report free of charge at www.arla.co.uk...
942 _n0
999 _c107944
_d107944